Temas de Derecho Penal

Bibliographic Details
Main Author: Domenech, Ernesto Eduardo
Other Authors: La Salvia, Iris Edith
Format: eBook
Language:Spanish
Published: La Plata: Editora Platense, 2010
Subjects:
Online Access:Acceso restringido

MARC

LEADER 00000nam a22000007a 4500
005 20140827220349.0
007 cr|||| ||||
008 140827s2010 ar |||||s|||| 00||0 spa d
020 |a 978-950-536-225-7 
035 |a 12354 
040 |a vLex 
090 |c 5135  |d 5135 
100 1 |a Domenech, Ernesto Eduardo 
245 1 0 |a Temas de Derecho Penal  |h [Recurso electrn̤ico] /  |c Ernesto Eduardo Domenech, Iris Edith La Salvia 
256 |a Servicio en ln̕ea 
260 |a La Plata:  |b Editora Platense,  |c 2010 
300 |a 1 recurso electrn̤ico 
506 1 |a Disponible solo en los productos indicados  |d vLex Global  |d vLex Global (Academic Edition, excluding Law Schools)  |d vLex Global (U.S. Academic Edition, Law Schools)  |d vLex Global (U.S. Academic Edition, excluding Law Schools)  |d vLex Global (Academic Edition, Law Schools) 
650 0 4 |a Derecho Penal  |z Argentina 
700 |a La Salvia, Iris Edith 
740 0 |a vLex Libros (Servicio en ln̕ea) 
856 4 0 |u http://vlex.com/source/temas-de-derecho-penal-12354  |z Acceso restringido 
942 |c BOOK 
999 0 |a Criminal Law